| 000 | 00587cam a22002291 4500 | ||
|---|---|---|---|
| 001 | sa 68010635 | ||
| 003 | DLC | ||
| 005 | 20260227112553.0 | ||
| 008 | 890318r1936uuuuio k 000 0 ind | ||
| 010 | _asa 68010635 | ||
| 035 | _a(OCoLC)23563122 | ||
| 040 |
_aDLC _cMiU _dDLC |
||
| 042 | _apremarc | ||
| 043 | _aa-io--- | ||
| 050 | 0 | 0 |
_aJS7192 _b.S94 |
| 100 | 1 | _aSyafrudin, Ateng. | |
| 245 | 1 | 0 | _aTata usaha praktis untuk pamong pradja. |
| 250 | _a[Tjet. 4.] | ||
| 260 |
_aBandung, _bAcademica, _c1936- |
||
| 300 |
_av. _bforms. _c23 cm. |
||
| 650 | 0 |
_aLocal government _zIndonesia. |
|
| 999 |
_c83468 _d83468 |
||